| 000 | 00666nam a2200121Ia 4500 | ||
|---|---|---|---|
| 008 | 220620s9999||||xx |||||||||||||| ||und|| | ||
| 100 | _aJohn A. Jillions (Ed.) | ||
| 245 | 0 | _aInward Being and Outward Identity: The Orthodox Churches in the 21st Century | |
| 546 | _aEnglish[eng] | ||
| 650 | _aliturgy||sexuality||Staniloae||Patriarch Bartholomew||secularization||Russia||Greece||ecology||ecumenism||mysticism||scripture||interfaith||Romania||Schmemann||theology||spirituality||philosophy||Kenya||Eastern Orthodoxy||Orthodox Church||Mt Athos||culture||Orthodox Christianity||sociology of religion | ||
| 856 | _uhttp://www.mdpi.com/books/pdfview/book/633 | ||
| 942 | _cEB | ||
| 999 |
_c34141 _d34141 |
||